Biblioteca y Centro de Documentación

Comunicación de la Comisión al Consejo relativa al informe de la Comisión sobre la Agencia Europea para la Seguridad y la Salud en el Trabajo (Registro nro. 11957)

Detalles MARC
000 -CABECERA
Longitud fija campo de control 01149nam a2200313 c 4500
001 - NÚMERO DE CONTROL
Número de control 11957
003 - IDENTIFICADOR DE NÚMERO DE CONTROL
Identificador del número de control ES-MaCES
005 - FECHA Y HORA DE LA ÚLTIMA TRANSACCIÓN
Fecha y hora de la última transacción 20160629131857.0
008 - CAMPO FIJO DE DESCRIPCIÓN FIJA--INFORMACIÓN GENERAL
Códigos de información de longitud fija   010420s2001 lu t o000 | spa d
035 ## - NÚMERO DE CONTROL DEL SISTEMA
Número de control del sistema CES20010004745m
040 ## - FUENTE DE CATALOGACIÓN
Centro catalogador de origen ES-MaCES
Lengua de catalogación spa
Centro transcriptor ES-MaCES
110 2# - ENCABEZAMIENTO PRINCIPAL--NOMBRE CORPORATIVO
9 (RLIN) 2014
Nombre de entidad corporativa o nombre de jurisdicción como elemento inicial Comisión de las Comunidades Europeas
245 10 - MENCIÓN DE TÍTULO
Título Comunicación de la Comisión al Consejo relativa al informe de la Comisión sobre la Agencia Europea para la Seguridad y la Salud en el Trabajo
260 ## - PUBLICACIÓN, DISTRIBUCIÓN, ETC (PIE DE IMPRENTA)
Lugar de publicación, distribución, etc. Luxemburgo
Nombre del editor, distribuidor, etc. Oficina de Publicaciones Oficiales de las Comunidades Europeas
Fecha de publicación, distribución, etc. 2001
300 ## - DESCRIPCIÓN FÍSICA
Extensión 15 p.
Dimensiones 30 cm
490 1# - MENCIÓN DE SERIE
Mención de serie COM(01)
Designación de volumen o secuencia 163 final
500 ## - NOTA GENERAL
Nota general Tít. tomado de la cub.
541 ## - NOTA DE LA FUENTE INMEDIANTE DE ADQUISICIÓN
Forma de adquisición Suscripción conjunta
610 24 - ASIENTO SECUNDARIO DE MATERIA--NOMBRE CORPORATIVO
Nombre de entidad corporativa o nombre de jurisdicción como elemento inicial Agencia Europea para la Seguridad y la Salud en el Trabajo
9 (RLIN) 1261
650 #4 - ASIENTO SECUNDARIO DE MATERIA--TÉRMINO DE MATERIA
Término de materia o nombre geográfico como elemento inicial informe de actividades
9 (RLIN) 28984
650 #4 - ASIENTO SECUNDARIO DE MATERIA--TÉRMINO DE MATERIA
Término de materia o nombre geográfico como elemento inicial organización regional
9 (RLIN) 26703
650 #4 - ASIENTO SECUNDARIO DE MATERIA--TÉRMINO DE MATERIA
Término de materia o nombre geográfico como elemento inicial 1996-2000
9 (RLIN) 31148
653 10 - TÉRMINO DE INDEXACIÓN--NO CONTROLADO
Término no controlado Instituciones comunitarias
650 #4 - ASIENTO SECUNDARIO DE MATERIA--TÉRMINO DE MATERIA
9 (RLIN) 26752
Término de materia o nombre geográfico como elemento inicial UE
830 #0 - ENCABEZAMIENTO SECUNDARIO DE COLECCIÓN--TÍTULO UNIFORME
Título uniforme COM(01)
Designación de volumen o secuencia 163 final
9 (RLIN) 33547
902 ## - CES. TIPO DE DOCUMENTO
Tipodoc (006$c Sirtex) DOC Literatura gris
942 ## - ELEMENTOS KOHA
Fuente de clasificaión o esquema Clasificación propia del CES
Koha [por defecto] tipo de item Monografías
Parte de clasificación 6.4.
Existencias
Número de registro Signatura completa Tipo de item de Koha
041586 COM(01)163F Monografías
© CES, Consejo Económico y Social de España 2021